Vývoj svetovej krízy
Vznik a vývoj svetovej krízy. Svetová kríza vyvolaná finančnou, alebo hypotekárnou krízou sa prehĺbila do dlhovej krízy celého sveta. Dlhová kríza v Európe. Dlh európskych krajín k hrubému domácemu produktu. Dlhové kritérium eurozóny v súčasnosti plní len päť štátov.
Uložené v:
| Hlavný autor: | |
|---|---|
| Médium: | Kapitola |
| Jazyk: | Slovak |
| Predmet: | |
| Tagy: |
Žiadne tagy, Buďte prvý, kto otaguje tento záznam!
|
MARC
| LEADER | 00000nla a2200000 4500 | ||
|---|---|---|---|
| 001 | 0159824 | ||
| 005 | 20221103134429.7 | ||
| 041 | 0 | |a slo | |
| 044 | |a SK | ||
| 245 | 1 | 0 | |a Vývoj svetovej krízy |c Zuzana Stoličná |
| 520 | |a Vznik a vývoj svetovej krízy. Svetová kríza vyvolaná finančnou, alebo hypotekárnou krízou sa prehĺbila do dlhovej krízy celého sveta. Dlhová kríza v Európe. Dlh európskych krajín k hrubému domácemu produktu. Dlhové kritérium eurozóny v súčasnosti plní len päť štátov. | ||
| 610 | 2 | 0 | |a hospodárstvo svetové |
| 610 | 2 | 0 | |a kríza |
| 610 | 2 | 0 | |a dlhy |
| 610 | 2 | 0 | |a banky |
| 610 | 2 | 0 | |a eurozóna |
| 610 | 2 | 0 | |a produkt domáci hrubý |
| 610 | 2 | 0 | |a nezamestnanosť |
| 100 | 1 | |a Stoličná, Zuzana | |